Quizzes
Events
Quiz Creation
Community
Videos
Private Events
Remove Ads
Sign In
Join for FREE
Feedback
Dark Mode
Quiz Categories
Sports
Geography
Music
Movies
Television
Just For Fun
Miscellaneous
History
Literature
Language
Science
Gaming
Entertainment
Religion
Holiday
For Kids
Quiz Lab
Recent
Popular Today
Quiz Kudos Today
Editor Picks
Curator Picks
Quizzes by...
Day
Popularity
Type
Ratings
Length
Year
Community
Subscriptions
Recent Discussions
Orange Saloon
Badges
Playlists
Quests
Create
Leaderboards
Showdown
Live 5
Trivia Bingo
Activity
Puzzle Library
Sporcle Events
Private Events
Virtual Trivia
Globe League
Become a Host
Pub Owners
SporcleCon
Opinionation
Our Games
Videos
Blog
Mobile Apps
Partnerships
Remove Ads and Go Orange
Feedback
Geography
Country
Landmarks
City
State
Population
World
Capital
Continent
Flags
Europe
Africa
Asia
South America
North America
Oceania
Border
Canada
United Kingdom
Topography
United States
Geography
Country
Landmarks
City
State
Population
World
Capital
Continent
Flags
Europe
Africa
Asia
South America
North America
Oceania
Border
Canada
United Kingdom
Topography
United States
Random Quiz
Search Sporcle
×
Quiz Lab
Quiz Lab
Geography
Country
Type in answers that appear in a list
Type in answers that appear in a list
Classic
Best Score? Go Orange.
World Currencies and Denominations Stats
Can you name the World Currencies and Denominations?
By
innerspirit00
19m
217 Questions
119 Plays
119 Plays
119 Plays
Comments
Comments
Give Quiz Kudos
Give Quiz Kudos
-
- Ratings
hide this ad
Replay
Link that replays current quiz
Next Quiz
Link to next quiz in quiz playlist
You Got
0%
They Got
Avg Score
50%
Avg Friend Score
Upgrade to see
Score Distribution
Jump to the score distribution portion of the page
Score
0/217
Timer
19:00
0
Plays Today
Countries that use it
Currency or Denomination
% Correct
Australia, Kiribati, Nauru, Tuvalu
Australian Dollar
97.5%
Bahamas
Bahamian Dollar
97.5%
Barbados
Barbadian Dollar
97.5%
Belize
Belize Dollar
97.5%
Brunei, Singapore
Brunei Dollar
97.5%
Canada
Canadian Dollar
97.5%
Antigua and Barbuda, Dominica, Grenada, St. Kitts and Nevis, St. Lucia, St. Vincent and the Grenadines
East Caribbean Dollar
97.5%
Fiji
Fijian Dollar
97.5%
Guyana
Guyanese Dollar
97.5%
Jamaica
Jamaican Dollar
97.5%
Kiribati
Kiribati Dollar
97.5%
Liberia
Liberian Dollar
97.5%
Micronesia
Micronesian Dollar
97.5%
Namibia
Namibian Dollar
97.5%
Nauru
Nauruan Dollar
97.5%
New Zealand
New Zealand Dollar
97.5%
Palau
Palauan Dollar
97.5%
Brunei, Singapore
Singapore Dollar
97.5%
Solomon Islands
Solomon Islands Dollar
97.5%
Suriname
Surinamese Dollar
97.5%
Trinidad and Tobago
Trinidad and Tobago Dollar
97.5%
Tuvalu
Tuvaluan Dollar
97.5%
Cambodia, Ecuador, El Salvador, Marshall Islands, Micronesia, Palau, Panama, Timor-
Leste, United States, Zimbabwe
United States Dollar
97.5%
Taiwan
New Taiwan Dollar
97.5%
Andorra, Austria, Belgium, Cyprus, Estonia, Finland, France, Germany, Greece, Ireland, Italy, Kosovo, Latvia, Lithuania, Luxembourg, Malta, Monaco, Montenegro, Netherlands...
Euro
93.3%
United Kingdom, Zimbabwe
British Pound
88.2%
Egypt
Egyptian Pound
88.2%
Lebanon
Lebanese Pound
88.2%
South Sudan
South Sudanese Pound
88.2%
Sudan
Sudanese Pound
88.2%
Syria
Syrian Pound
88.2%
Burundi
Burundian Franc
85.7%
Cameroon, Central African Republic, Chad, Equatorial Guinea, Gabon, Republic of the Congo
Central African CFA Franc
85.7%
Comoros
Comorian Franc
85.7%
Democratic Republic of the Congo
Congolese Franc
85.7%
Djibouti
Djiboutian Franc
85.7%
Guinea
Guinean Franc
85.7%
Rwanda
Rwandan Franc
85.7%
Benin, Burkina Faso, Côte d'Ivoire, Guinea-
Bissau, Mali, Niger, Senegal, Togo
West African CFA Franc
85.7%
Liechtenstein, Switzerland
Swiss Franc
85.7%
Argentina
Argentine Peso
84%
Chile
Chilean Peso
84%
Colombia
Colombian Peso
84%
Cuba
Cuban Peso
84%
Dominican Republic
Dominican Peso
84%
Mexico
Mexican Peso
84%
Philippines
Philippine Peso
84%
Uruguay
Uruguayan Peso
84%
Algeria
Algerian Dinar
82.4%
Kuwait
Kuwaiti Dinar
82.4%
Libya
Libyan Dinar
82.4%
Iraq
Iraqi Dinar
82.4%
Jordan, Palestine
Jordanian Dinar
82.4%
Bahrain
Bahraini Dinar
82.4%
Tunisia
Tunisian Dinar
82.4%
Serbia
Serbian Dinar
82.4%
Iran
Dinar (Iranian subunit)
82.4%
Denmark
Danish Krone
78.2%
Norway
Norwegian Krone
78.2%
Bhutan, India
Indian Rupee
78.2%
Mauritius
Mauritian Rupee
78.2%
Nepal
Nepalese Rupee
78.2%
Pakistan
Pakistani Rupee
78.2%
Seychelles
Seychellois Rupee
78.2%
Sri Lanka
Sri Lankan Rupee
78.2%
Belarus
Belarusian Ruble
74.8%
Russia, Ukraine
Russian Ruble
74.8%
Turkey
Turkish Lira
72.3%
Israel, Palestine
Israeli New Shekel
72.3%
Iceland
Icelandic Króna
69.7%
Sweden
Swedish Krona
69.7%
Thailand
Thai Baht
68.9%
North Korea
North Korean Won
68.1%
Countries that use it
Currency or Denomination
% Correct
South Korea
South Korean Won
68.1%
Poland
Polish Złoty
68.1%
Venezuela
Venezuelan Bolívar
66.4%
Afghanistan
Afghan Afghani
64.7%
Kenya
Kenyan Shilling
64.7%
Somalia
Somali Shilling
64.7%
Tanzania
Tanzanian Shilling
64.7%
Uganda
Ugandan Shilling
64.7%
Bosnia and Herzegovina
Bosnia and Herzegovina Convertible Mark
63%
Iran
Iranian Rial
63%
Oman
Omani Rial
63%
Yemen
Yemeni Rial
63%
Lesotho, Namibia, South Africa, Zimbabwe
South African Rand
60.5%
Brazil
Brazilian Real
59.7%
Czech Republic
Czech Koruna
57.1%
Andorra, Antigua and Barbuda, Australia, Austria, Bahamas, Barbados, Belgium, Belize, Brunei, Cambodia, Canada, Cyprus, Dominica, Eritrea, Estonia, Fiji, Finland, France...
Cent
57.1%
Vietnam
Vietnamese đồng
56.3%
Bulgaria
Bulgarian Lev
55.5%
Albania
Albanian Lek
53.8%
Indonesia
Indonesian Rupiah
52.9%
Morocco
Moroccan Dirham
52.1%
UAE
United Arab Emirates Dirham
52.1%
Qatar
Qatari Riyal
52.1%
Saudi Arabia
Saudi Riyal
52.1%
Libya, Qatar
Dirham (subunit)
52.1%
Macedonia
Macedonian Denar
48.7%
Hungary
Hungarian Forint
48.7%
Moldova
Moldovan Leu
48.7%
Romania
Romanian Leu
48.7%
UK, Zimbabwe
Penny
47.1%
Peru
Peruvian Nuevo Sol
46.2%
Costa Rica
Costa Rican Colón
45.4%
Guatemala
Guatemalan Quetzal
44.5%
Bolivia
Bolivia Boliviano
43.7%
Malaysia
Malaysian Ringgit
41.2%
Kyrgyzstan
Kyrgyzstani Som
41.2%
Uzbekistan
Uzbekistani Som
41.2%
Ethiopia
Ethiopian Birr
39.5%
Angola
Angolan Kwanza
38.7%
Panama
Panamanian Balboa
37.8%
Laos
Lao Kip
37%
Cambodia
Cambodian Riel
37%
Benin, Burkina Faso, Burundi, Cameroon, CAR, Chad, Comoros, Côte d'Ivoire, DRC, Djibouti, Equatorial Guinea, Gabon, Guinea, Guinea-
Bissau, Haiti, Mali, Morocco, Niger, Rwanda...
Centime
37%
Brunei, Cambodia, Indonesia, Malaysia, Singapore, Japan
Sen
37%
Armenia
Armenian Dram
36.1%
Malawi
Malawian Kwacha
36.1%
Zambia
Zambian Kwacha
36.1%
Madagascar
Malagasy Ariary
35.3%
Paraguay
Paraguayan Guaraní
35.3%
Azerbaijan
Azerbaijani Manat
35.3%
Turkmenistan
Turkmenistan Manat
35.3%
Maldives
Maldivian Rufiyaa
35.3%
Argentina, Bolivia, Brazil, Cabo Verde, Chile, Colombia, Cuba, Dominican Republic, Guatemala, Honduras, Mexico, Mozambique, Nicaragua, Philippines
Centavo
35.3%
Nicaragua
Nicaraguan Córdoba
34.5%
Haiti
Haitian Gourde
34.5%
Ukraine
Ukrainian Hryvnia
34.5%
Bangladesh
Bangladeshi Taka
34.5%
Cabo Verde
Cape Verdean Escudo
33.6%
Nigeria
Nigerian Naira
33.6%
Croatia
Croatian Kuna
32.8%
Bhutan
Bhutanese Ngultrum
32.8%
Tajikistan
Tajikistani Somoni
32.8%
Costa Rica, Paraguay, Peru, Venezuela
Céntimo
32.8%
Angola, São Tomé and Príncipe
Cêntimo
32.8%
Honduras
Honduran Lempira
31.9%
Sierra Leone
Sierra Leonean Leone
31.1%
Mongolia
Mongolian Tögrög
31.1%
Japan
Japanese Yen
31.1%
China
Chinese Yuan
31.1%
Afghanistan
Pul
31.1%
Ghana
Ghana Cedi
30.3%
Gambia
Gambian Dalasi
30.3%
Botswana, Zimbabwe
Botswana Pula
30.3%
Countries that use it
Currency or Denomination
% Correct
Kazakhstan
Kazakhstani Tenge
30.3%
Myanmar
Burmese Kyat/Myanmar Kyat
29.4%
Samoa
Samoan Tālā
29.4%
Georgia
Georgian Lari
28.6%
Mauritania
Mauritanian Ouguiya
28.6%
Eritrea
Eritrean Nakfa
27.7%
Vanuatu
Vanuatu Vatu
27.7%
Russia, Ukraine
Kopek
27.7%
Mozambique
Mozambican Metical
26.9%
São Tomé and Príncipe
São Tomé and Príncipe Dobra
26.1%
Papua New Guinea
Papua New Guinean Kina
26.1%
Swaziland
Swazi Lilangeni
26.1%
Lesotho
Lesotho Loti
26.1%
Tonga
Tongan Pa'anga
26.1%
Denmark, Norway
Øre
24.4%
Sweden
Öre
24.4%
Macedonia
Deni
23.5%
Panama, Uruguay
Centésimo
23.5%
China
Fen
23.5%
Hungary
Fillér
21.8%
Bangladesh, Bhutan, India, Nepal, Pakistan, Zimbabwe
Paisa
21.8%
Czech Republic
Haléř
21%
Liechtenstein, Switzerland
Rappen
21%
Israel, Palestine
Agorot/Agora
20.2%
Bahrain, Iraq, Kuwait, UAE, Yemen
Fils/Fulūs
20.2%
Egypt, Jordan, Lebanon, Palestine, South Sudan, Sudan, Syria
Piastre
20.2%
Ethiopia
Santim
20.2%
Mongolia
Möngö
19.3%
Lesotho
Sente
19.3%
Moldova, Romania
Ban
18.5%
Tajikistan
Diram
18.5%
Iceland
Eyrir
18.5%
Bosnia and Herzegovina
Fening
18.5%
Turkey
Kuruş
18.5%
Maldives
Laari
18.5%
Azerbaijan
Qəpik
18.5%
Samoa
Sene
18.5%
Tonga
Seniti
18.5%
Oman
Baisa
17.6%
Serbia
Para
17.6%
Ghana
Pesewa
17.6%
Gambia
Butut
16.8%
North Korea
Chon
16.8%
Poland
Grosz
16.8%
South Korea
Jeon
16.8%
Croatia
Lipa
16.8%
Tunisia
Millime
16.8%
Myanmar
Pya
16.8%
Thailand
Satang
16.8%
Uzbekistan
Tiyin
16.8%
Kyrgyzstan
Tyiyn
16.8%
Laos
Att
16%
Bhutan
Chetrum
16%
Saudi Arabia
Halala
16%
Armenia
Luma
16%
Algeria
Santeem
16%
Bulgaria
Stotinka
16%
Georgia
Tetri
16%
Papua New Guinea
Toea
16%
Nigeria
Kobo
15.1%
Zambia
Ngwee
15.1%
Malawi
Tambala
15.1%
Mauritania
Khoums
14.3%
Botswana, Zimbabwe
Thebe
14.3%
Zimbabwe
Zimbabwean Bond
12.6%
Albania
Qindarkë
12.6%
Kazakhstan
Tïın
12.6%
Madagascar
Iraimbilanja
10.1%
Turkmenistan
Tennesi
9.2%
Ukraine
Kopiyka
8.4%
Belarus
Kapyeyka
6.7%
Quiz Playlist
Details
Report
Send in Message
Add To Playlist
Classic:
Type in answers that appear in a list
Last Updated: Feb 16, 2017
Quiz Scoreboard
CHALLENGE
Sign Up to Join the Scoreboard
Show All
Scores
Hide
Comments
May contain spoilers
Recently Published
Presidents Visiting Landmarks
by Hejman
History
7m
An Introduction to Baseball
by treessimontrees
Sports
5m
Movies - When Are They Set?
by FPL_Elf
Movies
5m
More to Explore
Quiz From the Vault
Featured Blog Post
Where Did the Easter Bunny Come From?
hide this ad
You Might Also Like...
Tags
Country Quiz
World Quiz
cent
Currency
denomination
dollar
Money
Today's Top Quizzes in Geography
Browse Geography
hide this ad
Today's Top Quizzes in Country
Browse Country
Top Contributed Quizzes in Geography
1
Countries of the World - No Outlines Minefield
2
Top 25 Cities of France on a map
3
Any capital of a 'B' country per Continent
4
Closest Countries to UK A-Z
5
Any capital of a 'C' country per Continent
6
One Thing in Common: United Kingdom
7
Any capital of a 'D' country per Continent
8
Find the Provinces of Canada - No Outlines Minefield
9
5-to-1: US Geography No Hints
10
Any capital of an 'E' country per Continent
Explore More
Trending Topics
Marvel
Harry Potter
Kpop
Anime
Crossword
NBA
Disney
WWE
Country
Song
The Office
Puzzle
NFL
Soccer
Pokémon
hide this ad
More By:
innerspirit00
Quiz
Plays
Rating
Category
Featured
Created
Countries Less Populated Than Nunavut
16,917
4.75
Geography
Apr 28, 2021
Dungeons and Dragons Races
3,714
3.58
Gaming
Dec 9, 2017
Anything but Mauritius
2,982
4.80
Geography
Jul 31, 2016
Top Food Producing Countries
2,907
4.96
Geography
Apr 10, 2016
Russian Oblasts and Subjects
2,666
3.50
Geography
Apr 9, 2016
Go to Creator's Profile
Score Distribution
Quiz Creator Spotlight
innerspirit00
Follow
Send a Message
Quizzes Created
-
Created Quiz Play Count
-
More By This Creator
Popular Quizzes Today
1
Find the US States - No Outlines Minefield
2
Find the Countries of Europe - No Outlines Minefield
3
The Countries of the World
4
Find the US States
5
Popular People in 1961
6
US States
7
Risky Map Clicking: Biggest States A-Z
8
1-10 Letter E Words III
More Geography Quizzes
US Capitals Seen From Space
Quiz Lab
Trending Quizzes
Risky Map Clicking: Least Populous States A-Z
1-10 Letter G Words
1-10 Letter F Words
One Thing in Common: United Kingdom
Risky Map Clicking: Next State Alphabetically
Recently Updated
Leaping Animals
pecheneg
Reality TV Shows (A-Z)
bhenderson79
Rickey Henderson's Hall of Fame Teammates
pecheneg
Champions League XIs: Arsenal
pecheneg
Quick Pick: Celebrities in WWE's Hall of Fame
aduchscher
A-Z Keypad Blitz II
pecheneg
Multiple Oscar Actors
pecheneg
Mystery Phrase Blitz: Oscar 'Best Actors'
pecheneg
F. Scott Fitzgerald Novels
LTH
Pick 3 Villains
ddd62291
Trending Topics
NBA
Kpop
Harry Potter
Crossword
Marvel
Disney
Anime
WWE
Puzzle
Pokémon
NFL
Country
Soccer
Song
The Office
Your Account Isn't Verified!
In order to create a playlist on Sporcle, you need to verify the email address you used during registration. Go to your
Sporcle Settings
to finish the process.
Report this User
Report this user for behavior that violates our
Community Guidelines
.
Details:
Send Report
Go to the Sporcle.com Mobile Site →
Comments